| 000 | 00462nam a22001817a 4500 | ||
|---|---|---|---|
| 008 | 250521b |||||||| |||| 00| 0 eng d | ||
| 020 | _a9788171339044 | ||
| 050 |
_aQK47 _b.S56 2013 |
||
| 100 | _aSingh V. | ||
| 245 | _aA Textbook Of Botany | ||
| 250 | _aFourth Edition | ||
| 260 |
_aNew Delhi _bRakeshi Kumar Rastogi for Rastogi _c2013 |
||
| 300 |
_axx,1093p. _billustration; |
||
| 650 | _aBotany | ||
| 700 | _aPanoe P.C | ||
| 700 | _aJain D.K | ||
| 942 | _cBK | ||
| 999 |
_c3588 _d3588 |
||